书目信息 |
| 题名: |
如何进行ISO 9000质量管理
|
|
| 作者: | 姚根兴 , 滕宝红 编著 | |
| 分册: | ||
| 出版信息: | 北京 北京大学出版社 2004.01 |
|
| 页数: | 245页 | |
| 开本: | 24cm | |
| 丛书名: | 职业经理人十万个怎么办 | |
| 单 册: | ||
| 中图分类: | F273.2 | |
| 科图分类: | ||
| 主题词: | 国际标准--guo ji biao zhun--应用--企业管理--质量管理体系 | |
| 电子资源: | ||
| ISBN: | 7-301-06757-7 | |
| 000 | 00928nam 2200277 450 | |
| 001 | CAL 012004020880 | |
| 005 | 20050831151716.5 | |
| 010 | @a7-301-06757-7@d35.00CNY | |
| 099 | @aCAL 012004020880 | |
| 100 | @a20040219d2004 ekmy0chiy0120 ea | |
| 101 | 0 | @achi |
| 102 | @aCN@b110000 | |
| 105 | @aak z 000yy | |
| 200 | 1 | @a如何进行ISO 9000质量管理@Aru he jin xing iso 9000 zhi liang guan li@f姚根兴, 滕宝红编著 |
| 210 | @a北京@c北京大学出版社@d2004.01 | |
| 215 | @a245页@c图@d24cm | |
| 225 | 2 | @a职业经理人十万个怎么办@Azhi ye jing li ren shi wan ge zen me ban@i生产类@v605 |
| 410 | 0 | @12001 @a职业经理人十万个怎么办 |
| 410 | 0 | @12001 @a生产类 |
| 606 | 0 | @a国际标准@Aguo ji biao zhun@x应用@x企业管理@x质量管理体系 |
| 690 | @aF273.2@v4 | |
| 701 | 0 | @a姚根兴@Ayao gen xing@4编著 |
| 701 | 0 | @a滕宝红@Ateng bao hong@4编著 |
| 801 | 0 | @aCN@bBJP@c20040311 |
| 905 | @a10447@dF273.2@eY355 | |
| 906 | @dCNY35.00@n0@r1 | |
| 如何进行ISO 9000质量管理/姚根兴, 滕宝红编著.-北京:北京大学出版社,2004.01 |
| 245页:图;24cm.-(职业经理人十万个怎么办.生产类;605) |
| ISBN 7-301-06757-7:35.00CNY |
| ● |
| 相关链接 |
|
|
|
正题名:如何进行ISO 9000质量管理
索取号:F273.2/Y355
 
预约/预借
| 序号 | 登录号 | 条形码 | 馆藏地/架位号 | 状态 | 备注 |
| 1 | 551352 | 205513522 | 社科二线422/409社科库 92排3列5层/ [索取号:F273.2/Y355] | 在馆 | |
| 2 | 551353 | 205513531 | 社科二线422/409社科库 92排3列5层/ [索取号:F273.2/Y355] | 在馆 | |
| 3 | 551354 | 205513540 | 社科库409/409社科库 92排3列5层/ [索取号:F273.2/Y355] | 在馆 |